000 01070nam2a22002651 4500
001 RU\NLR\INFOCOMM7\5000016669
005 20041203163113.5
035 _a(NLR Aleph) 002370911
090 _a4571876
_c4571876
100 _a20041202d1986 |||y0rusy50 ca
101 0 _arus
102 _aRU
105 _ay ||||000|y
200 1 _aСпециализированный автотранспорт в строительстве
_fМ.И. Грифф, В.Ф. Трофименков
210 _d1986
461 0 _1001RU\NLR\INFOCOMM7\5000016625
_12001#$aСтроительство и архитектура$eОбзор. информ.$hСерия 17$iМашины, Механизмы, оборудование и инструмент$fВНИИ информ. по стр-ву и архитектуре$v1986, Вып.1
700 1 _aГрифф
_bМ. И.
_4070
701 1 _aТрофименков
_bВ. Ф.
_4070
801 0 _aRU
_bNLR
_gPSBO
801 1 _aRU
_bInfoComm
_c20041203
852 _aNLR
_jП10/4562
942 _cISSUE
980 _aNB
980 _aRUSPER